000 00584nam a2200241Ia 4500
003 OSt
005 20221007082243.0
006 a|||||r|||| 00| 0
007 ta
008 221006b |||||||| |||| 00| 0 eng d
024 _a15,396
037 _cTextual
040 _aFLL
_cFLL
_beng
041 _2eng
_aeng
082 _aX:97D.2.N65, L9
110 _aGovt. of india
245 0 _aTrade unions in india 1964-1965
260 _c1979
300 _a109p
_ccm.
700 _aGovt. of india
942 _hX:97D.2.N65, L9
_cTEXL
_2CC
999 _c1165837
_d1165837